Loading...
| Science - Biology | 0 | 5 | 0 | 1 | 50 | 90 | 104.00 | 1 | 4 | 0.00 | 0.00 |
| Science - Physics | 0 | 3 | 0 | 0 | 30 | 109 | 120.67 | 1 | 2 | 0.00 | 0.00 |
| History - Other | 0 | 3 | 0 | 1 | 30 | 120 | 130.33 | 0 | 3 | 0.00 | 0.00 |
| Science - Chemistry | 0 | 3 | 0 | 1 | 30 | 98 | 106.67 | 0 | 2 | 0.00 | 0.00 |
| Literature - European | 0 | 3 | 0 | 1 | 30 | 139 | 141.00 | 0 | 3 | 0.00 | 0.00 |
| Fine Arts - Painting and Sculpture | 0 | 3 | 1 | 1 | 25 | 93 | 113.67 | 1 | 3 | 0.00 | 0.00 |
| Science - Other | 0 | 2 | 1 | 0 | 15 | 100 | 113.00 | 0 | 2 | 0.00 | 0.00 |
| Mythology | 0 | 1 | 0 | 0 | 10 | 123 | 123.00 | 0 | 1 | 0.00 | 0.00 |
| Literature - World | 0 | 1 | 0 | 0 | 10 | 111 | 111.00 | 0 | 1 | 0.00 | 0.00 |
| Literature - American | 0 | 1 | 0 | 0 | 10 | 142 | 142.00 | 0 | 1 | 0.00 | 0.00 |
| Social Science | 0 | 0 | 0 | 0 | 0 | 0.00 | 0 | 0 | 0.00 | 0.00 | |
| Philosophy | 0 | 0 | 1 | 0 | -5 | 0.00 | 0 | 0 | 0.00 | 0.00 | |
| Fine Arts - Classical Music | 0 | 0 | 1 | 0 | -5 | 0.00 | 0 | 0 | 0.00 | 0.00 |